| 000 | 00428nam a22001337a 4500 | ||
|---|---|---|---|
| 005 | 20230726124433.0 | ||
| 008 | 230726b |||||||| |||| 00| 0 eng d | ||
| 041 | _aeng | ||
| 100 |
_aAGGARWALA, DR. ADISH C. AND MARCHINGTON, MS. SARAH J. _97882 |
||
| 245 | _aSECOND REVISED EDITION NARENDRA MODI: A CHARISMATIC & VISIONARY STATESMAN | ||
| 260 |
_aLONDON _bU.K. PUBLISHERS & DISTRIBUTORS LTD. _c2018 |
||
| 300 | _a653;p | ||
| 942 | _cBK | ||
| 999 |
_c8342 _d8340 |
||